Principles and strategies of teaching / (Record no. 353)

MARC details
000 -LEADER
fixed length control field 00685nam a2200241 4500
003 - CONTROL NUMBER IDENTIFIER
control field OSt
005 - DATE AND TIME OF LATEST TRANSACTION
control field 20240607055516.0
008 - FIXED-LENGTH DATA ELEMENTS--GENERAL INFORMATION
fixed length control field 240607b |||||||| |||| 00| 0 eng d
040 ## - CATALOGING SOURCE
Original cataloging agency DWCL-Main lib.
Transcribing agency OC
082 ## - DEWEY DECIMAL CLASSIFICATION NUMBER
Classification number Fil. 371.32 C822p 2003
006 - FIXED-LENGTH DATA ELEMENTS--ADDITIONAL MATERIAL CHARACTERISTICS
fixed length control field a
100 ## - MAIN ENTRY--PERSONAL NAME
Personal name CORPUZ, BRENDA B.
245 ## - TITLE STATEMENT
Title Principles and strategies of teaching /
260 ## - PUBLICATION, DISTRIBUTION, ETC.
Place of publication, distribution, etc. Q.C. :
Name of publisher, distributor, etc. Lorimar Publishing,
Date of publication, distribution, etc. c2003.
300 ## - PHYSICAL DESCRIPTION
Other physical details 126 p. ;
Dimensions 25 cm.
504 ## - BIBLIOGRAPHY, ETC. NOTE
Bibliography, etc. note Includes bibliography.
650 ## - SUBJECT ADDED ENTRY--TOPICAL TERM
Topical term or geographic name entry element 1. Teaching.
650 ## - SUBJECT ADDED ENTRY--TOPICAL TERM
Topical term or geographic name entry element 2. Education - Study and teaching.
650 ## - SUBJECT ADDED ENTRY--TOPICAL TERM
Topical term or geographic name entry element 3. Teaching.
650 ## - SUBJECT ADDED ENTRY--TOPICAL TERM
Topical term or geographic name entry element 4. Education - study and teaching.
700 ## - ADDED ENTRY--PERSONAL NAME
Personal name BRENDA B. CORPUZ
942 ## - ADDED ENTRY ELEMENTS (KOHA)
Source of classification or shelving scheme Dewey Decimal Classification
Suppress in OPAC No
Koha item type Book-Filipiniana
Call number prefix Fil.
Holdings
Withdrawn status Lost status Source of classification or shelving scheme Damaged status Not for loan Home library Current library Shelving location Date acquired Source of acquisition Cost, normal purchase price Total Checkouts Full call number Barcode Date last seen Copy number Price effective from Koha item type Uniform Resource Identifier
    Dewey Decimal Classification     College Library College Library Filipiniana 06/28/2005 School Fund 120.00   Fil. 371.32 C822p 2003 42029 06/07/2024 c1 06/07/2024 Book-Filipiniana
    Dewey Decimal Classification     College Library College Library Filipiniana 06/28/2005 School Fund 120.00   Fil. 371.32 C822p 2003 42030 06/07/2024 c2 06/07/2024 Book-Filipiniana
    Dewey Decimal Classification     College Library College Library Filipiniana 06/28/2005 School Fund 120.00   Fil. 371.32 C822p 2003 42031 06/07/2024 c3 06/07/2024 Book-Filipiniana
    Dewey Decimal Classification     College Library College Library Filipiniana 07/16/2005 School Fund     Fil. 371.32 C822p 2003 42084 06/07/2024 c4 06/07/2024 Book-Filipiniana
    Dewey Decimal Classification     College Library College Library Filipiniana 10/31/2013 School Fund     Fil. 371.32 C822p 2003 50356 06/07/2024 c5 06/07/2024 Book-Filipiniana